LEADER 00926nam a2200217 i 4500 001 000000216879 003 CaOOAMICUS 005 20121113000000.0 008 121113s1931 it u000 u ita u 013 $a195775 040 $aSeMil$bita 245 10$aAttivita svolta dalla federazione di milano nel 1931. 260 $a[S.l. :$bs.n.],$c[1931]$e(Milano :$fSchor,$g[1931]) 300 $a93 p. :$bill ;$c25 cm. 500 $aSulla cop. : Opera nazionale per la protezione della maternità e dell'infanzia. 650 4$aMilano - Assistenza.$0(OLS)http://semarc/subject/8453 650 4$aMilano - Storia - Sec. 20.$0(OLS)http://semarc/subject/7354 850 $aSeMil 852 $aSeMil$W1$xVenegono$y1$m3O III 134$j167295$B167295$CSeMilBibl$Z2$F178085 $81 996 $6245$aAttivita svolta dalla federazione di milano nel 1931$9(OLS)http://semarc/title/311749 996 $6260$a[S.l. :$bs.n.]$9(OLS)http://semarc/publisher/29751 LEADER 01403nam a2200241 i 4500 001 000000159402 003 CaOOAMICUS 005 20110418000000.0 008 110418s1888 it u000 u ita u 013 $a136765 040 $aSeMil$bita 245 10$aDella possibile unione della materia colla forma per l'azione immediata di Dio :$bdissertazione letta nell'Accademia romana di San Tommaso d'Aquino il giorno 23 febbraio 1888 dall'accademico P. Ernesto Fontana. 260 $aRoma :$bTipografia A. Befani,$c1888. 300 $a20 p. ;$c23 cm. 500 $aOopuscolo estratto dal periodico L'Accademia Romana di S. Tommaso d'Aquino, a. 8., fasc. 1. 650 4$aTommaso : d'Aquino - Pensiero filosofico.$0(OLS)http://semarc/subject/871 650 4$aMateria e forma.$0(OLS)http://semarc/subject/13563 700 1 $aFontana, Ernesto,$c.$0(OLS)http://semarc/name/21459 773 0 $t[Opuscoli.$w()24619 850 $aSeMil 852 $aSeMil$W1$xVenegono$y1$m5A II 26/14 FA$j110959$B110959$CSeMilBibl$Z2$F120607 $8I 996 $6245$aDella possibile unione della materia colla forma per l'azione immediata di Dio :$bdissertazione letta nell'Accademia romana di San Tommaso d'Aquino il giorno 23 febbraio 1888 dall'accademico P. Ernesto Fontana$9(OLS)http://semarc/title/141382 996 $6260$aRoma :$bTipografia A. Befani$9(OLS)http://semarc/publisher/30359